Les champions olympiques français aux jeux d'été (2) - Statistiques

Statistiques générales
  • Ce quiz a été pris 14 fois
  • Le résultat moyen est 10 sur 49
Statistiques - réponses
Indices Médaillé(e) % Correct
2024 Natation Léon Marchand
100%
2024 Triathlon Cassandre Beaugrand
77%
2024 Surf Kauli Vaast
77%
2024 Escrime Manon Apithy-Brunet
69%
2024 Canoë-kayak Nicolas Gestin
69%
2024 VTT Pauline Ferrand-Prévot
69%
2024 Cyclisme Benjamin Thomas
62%
2024 BMX Joris Daudet
62%
2024 Taekwondo Althéa Laurin
54%
2024 Rugby à VII Antoine Dupont
31%
2024 Judo Amandine Buchard
23%
2024 Judo Teddy Riner
23%
2024 Judo Alpha Oumar Djalo
15%
2024 Judo Clarisse Agbegnenou
15%
2024 Volley-ball Earvin Ngapeth
15%
2024 Rugby à VII Jean-Pascal Barraque
15%
2024 Judo Joan-Benjamin Gaba
15%
2024 Judo Romane Dicko
15%
2024 Rugby à VII Aaron Grandidier
8%
2024 Rugby à VII Andy Timo
8%
2024 Volley-ball Antoine Brizard
8%
2024 Rugby à VII Antoine Zeghdar
8%
2024 Judo Aurélien Diesse
8%
2024 Volley-ball Barthélémy Chinenyeze
8%
2024 Volley-ball Jean Patry
8%
2024 Rugby à VII Jefferson-Lee Joseph
8%
2024 Rugby à VII Jordan Sepho
8%
2024 Volley-ball Kévin Tillie
8%
2024 Judo Luka Mkheidze
8%
2024 Judo Madeleine Malonga
8%
2024 Judo Marie-Ève Gahié
8%
2024 Judo Maxime-Gaël Ngayap Hambou
8%
2024 Rugby à VII Nelson Épée
8%
2024 Rugby à VII Paulin Riva
8%
2024 Rugby à VII Rayan Rebbadj
8%
2024 Judo Sarah-Léonie Cysique
8%
2024 Judo Shirine Boukli
8%
2024 Rugby à VII Stephen Parez
8%
2024 Rugby à VII Théo Forner
8%
2024 Rugby à VII Varian Pasquet
8%
2024 Judo Walide Khyar
8%
2024 Volley-ball Benjamin Toniutti
0%
2024 Volley-ball Jenia Grebennikov
0%
2024 Volley-ball Nicolas Le Goff
0%
2024 Volley-ball Quentin Jouffroy
0%
2024 Volley-ball Théo Faure
0%
2024 Volley-ball Timothée Carle
0%
2024 Volley-ball Trévor Clévenot
0%
2024 Volley-ball Yacine Louati
0%
Aucun quiz correspondant
Distribution des résultats
% des personnes avec chaque résultat
Percentile par nombre de réponses
Votre historique - résultats
Vous n’avez pas pris ce quiz